| 000 | 00911nam a2200265 i 4500 | ||
|---|---|---|---|
| 001 | 98077 | ||
| 003 | ES-MaACL | ||
| 005 | 20230906182219.0 | ||
| 007 | t| | ||
| 008 | 050721s1985 sp ||||1| spa d | ||
| 020 | _a84-206-6512-6 | ||
| 100 | 1 |
_aMarr, David. _977052 |
|
| 245 | 1 | 0 |
_aVisión _b: una investigación basada en el cálculo acerca de la representación y el procesamiento humano de la información visual / _cDavid Marr ; versión española de Tomás del Amo Martín. |
| 260 |
_aMadrid : _bAlianza Editorial, _c1985. |
||
| 300 |
_a374 p. : _bil. ; _c23 cm. |
||
| 490 | 1 |
_aAlianza psicología ; _v12 |
|
| 500 | _aÍndices. | ||
| 504 | _aBibliografía: p. 355-364. | ||
| 650 | 0 | 0 |
_aPercepción visual. _915933 |
| 650 | 0 | 4 |
_aVista. _9136992 |
| 700 | 1 |
_aAmo Martín, Tomás del. _921281 |
|
| 830 | 1 |
_aAlianza psicología ; _v12 _9178168 |
|
| 852 |
_aES-MaACL _jL-10264 |
||
| 999 |
_c98077 _d98077 |
||